[Event "4NCL Division 1b"]
[Site "Reading, ENG"]
[Date "2016.11.19"]
[Round "1.51"]
[White "Sadler, Matthew D"]
[Black "Sanders, Isaac B"]
[Result "1-0"]
[WhiteElo "2670"]
[BlackElo "2342"]
[PlyCount "95"]
[EventDate "2016.11.19"]
[WhiteTeam "Guildford 1"]
[BlackTeam "Barbican 4NCL 2"]

1. d4 f5 2. g3 Nf6 3. Bg2 g6 4. Nf3 Bg7 5. O-O O-O 6. c4 d6 7. Nc3 Qe8 8. b3 h6
9. Ba3 g5 10. e3 c6 11. Ne1 Qg6 12. Nd3 Ne4 13. Ne2 Na6 14. Rc1 Nc7 15. f3 Nf6
16. Qd2 a5 17. Bb2 Bd7 18. a4 b6 19. Nf2 Rad8 20. f4 c5 21. dxc5 dxc5 22. Qc2
Na6 23. Nc3 Nb4 24. Qe2 Bc6 25. Rcd1 Bxg2 26. Kxg2 e6 27. Nb5 Qf7 28. Be5 g4
29. Kg1 Qb7 30. Nd6 Qf3 31. Qxf3 gxf3 32. Nb7 Rxd1 33. Rxd1 Ng4 34. Nxg4 fxg4
35. Bxg7 Kxg7 36. Rd6 e5 37. Rxb6 exf4 38. gxf4 Rb8 39. Rb5 Nd3 40. Nd6 Rd8 41.
Rb7+ Kf8 42. Nf7 Re8 43. Nxh6 Rxe3 44. Rb8+ Re8 45. Rxe8+ Kxe8 46. Nxg4 Nc1 47.
Kf2 Nxb3 48. Nf6+ 1-0

[Event "4NCL Division 1b"]
[Site "Reading, ENG"]
[Date "2016.11.19"]
[Round "1.52"]
[White "Jackson, James P"]
[Black "Jones, Gawain C B"]
[Result "0-1"]
[WhiteElo "2290"]
[BlackElo "2663"]
[PlyCount "52"]
[EventDate "2016.11.19"]
[WhiteTeam "Barbican 4NCL 2"]
[BlackTeam "Guildford 1"]

1. e4 e5 2. Nf3 Nc6 3. Bb5 a6 4. Ba4 Nf6 5. O-O b5 6. Bb3 Bc5 7. c3 d6 8. Re1
Bb6 9. a4 Bb7 10. d4 h6 11. Qd3 O-O 12. d5 Na5 13. Ba2 c6 14. Nbd2 cxd5 15.
exd5 Ng4 16. Rf1 f5 17. Qe2 bxa4 18. h3 Nf6 19. c4 Nh5 20. Qd1 Ng3 21. Re1 e4
22. Nh2 Bxf2+ 23. Kxf2 Qb6+ 24. Kxg3 f4+ 25. Kh4 Qd8+ 26. Kg4 Qg5# 0-1

[Event "4NCL Division 1b"]
[Site "Reading, ENG"]
[Date "2016.11.19"]
[Round "1.53"]
[White "Edouard, Romain"]
[Black "Tarhon, Brian"]
[Result "1-0"]
[WhiteElo "2628"]
[BlackElo "2300"]
[PlyCount "73"]
[EventDate "2016.11.19"]
[WhiteTeam "Guildford 1"]
[BlackTeam "Barbican 4NCL 2"]

1. c4 Nf6 2. Nc3 e6 3. e4 d5 4. cxd5 exd5 5. e5 Ne4 6. Nf3 Nc6 7. Be2 Be7 8. d4
Bf5 9. O-O O-O 10. Be3 Qd7 11. Rc1 a6 12. Bd3 Rfd8 13. a3 Nxc3 14. Rxc3 Bxd3
15. Qxd3 Na5 16. Ng5 Bxg5 17. Bxg5 Re8 18. f4 h6 19. Bh4 Qg4 20. Be1 Nc4 21. h3
Qd7 22. Bh4 Nxb2 23. Qc2 Nc4 24. Rg3 Kh8 25. f5 Rg8 26. Qe2 Kh7 27. Bg5 Qe8 28.
Qg4 f6 29. Bf4 fxe5 30. dxe5 Qf7 31. Qh4 Rae8 32. Rg6 Qf8 33. e6 Nd6 34. Be5
Ne4 35. Bxg7 Qc5+ 36. Kh2 Qd6+ 37. g3 1-0

[Event "4NCL Division 1b"]
[Site "Reading, ENG"]
[Date "2016.11.19"]
[Round "1.54"]
[White "O`Toole, George E"]
[Black "Pert, Nicholas"]
[Result "0-1"]
[WhiteElo "2267"]
[BlackElo "2566"]
[PlyCount "56"]
[EventDate "2016.11.19"]
[WhiteTeam "Barbican 4NCL 2"]
[BlackTeam "Guildford 1"]

1. e4 c5 2. c3 Nf6 3. e5 Nd5 4. d4 d6 5. Nf3 cxd4 6. Bc4 dxe5 7. Nxe5 e6 8. O-O
Nc6 9. Nxc6 bxc6 10. Qxd4 Qf6 11. Be3 Be7 12. Qe4 Qg6 13. Bd3 O-O 14. Qc4 Nxe3
15. fxe3 Qh6 16. Rf3 e5 17. Nd2 Be6 18. Qxc6 Rad8 19. Qa6 Rd6 20. Qxa7 Rxd3 21.
Qxe7 Rxd2 22. b4 Rfd8 23. Raf1 Bc4 24. Qc7 e4 25. Rf4 Qg5 26. g4 Qh4 27. Rxf7
Qxg4+ 28. Kh1 Qg2# 0-1

[Event "4NCL Division 1b"]
[Site "Reading, ENG"]
[Date "2016.11.19"]
[Round "1.55"]
[White "Fernandez, Daniel Howard"]
[Black "Poobalasingam, Peter S"]
[Result "1-0"]
[WhiteElo "2450"]
[BlackElo "2223"]
[PlyCount "111"]
[EventDate "2016.11.19"]
[WhiteTeam "Guildford 1"]
[BlackTeam "Barbican 4NCL 2"]

1. e4 d6 2. d4 Nf6 3. Nc3 e5 4. dxe5 dxe5 5. Qxd8+ Kxd8 6. f3 c6 7. Bc4 Ke8 8.
Nd1 Nbd7 9. a4 Nc5 10. b3 Be6 11. Ne3 Nfd7 12. Bb2 f6 13. Ne2 Nb6 14. Bxe6 Nxe6
15. a5 Nc8 16. Nc1 Kd8 17. Nd3 Kc7 18. Ke2 Nd6 19. Rhd1 Nb5 20. g3 Re8 21. c3
g6 22. Nc2 Bg7 23. c4 Nd6 24. Ba3 Nc8 25. Nc5 Nxc5 26. Bxc5 Rd8 27. Ne3 Bf8 28.
Rxd8 Kxd8 29. Bxf8 Rxf8 30. h4 Nd6 31. g4 Kc7 32. b4 Nf7 33. h5 gxh5 34. Rh1
hxg4 35. Nxg4 Ng5 36. Rh6 f5 37. Nf6 fxe4 38. Nxe4 Nxf3 39. Rxh7+ Kb8 40. Nc5
Nd4+ 41. Kd3 Ka8 42. Rxb7 Rb8 43. Re7 Rxb4 44. Rxe5 Nf3 45. Rf5 Ne1+ 46. Kc3
Rb8 47. Ne6 Kb7 48. Rf7+ Ka6 49. Rf1 Rb1 50. Nc5+ Kxa5 51. Nd3 Nxd3 52. Rxb1
Nc5 53. Kd4 Na6 54. Rb7 Nb4 55. Kc5 a6 56. Rb8 1-0

[Event "4NCL Division 1b"]
[Site "Reading, ENG"]
[Date "2016.11.19"]
[Round "1.56"]
[White "Navarro Cia, Miguel"]
[Black "Hebden, Mark L"]
[Result "0-1"]
[WhiteElo "2266"]
[BlackElo "2491"]
[PlyCount "112"]
[EventDate "2016.11.19"]
[WhiteTeam "Barbican 4NCL 2"]
[BlackTeam "Guildford 1"]

1. e4 e5 2. Nf3 Nc6 3. Bb5 a6 4. Bxc6 dxc6 5. O-O Bd6 6. d4 exd4 7. Qxd4 f6 8.
c4 c5 9. Qd5 Ne7 10. Qh5+ g6 11. Qh6 Bg4 12. Qg7 Rg8 13. Qxf6 Rf8 14. Qc3 Nc6
15. Nbd2 Nd4 16. Nxd4 cxd4 17. Qd3 Qh4 18. g3 Qh5 19. f3 Bh3 20. Rf2 O-O-O 21.
b3 Bb4 22. Rb1 Rf7 23. a3 Bc3 24. a4 c5 25. Nf1 Be1 26. Rbb2 g5 27. g4 Bxf2+
28. Rxf2 Bxf1 29. Qxf1 Qg6 30. Bd2 h5 31. gxh5 Qxh5 32. Qg2 Rdf8 33. Qxg5 Qxg5+
34. Bxg5 Rxf3 35. Re2 Rxb3 36. h4 Rc3 37. e5 Rxc4 38. e6 d3 39. e7 Re8 40. Re5
b6 41. Rd5 Rd4 42. Rxd4 cxd4 43. Kf2 Kd7 44. Ke1 Rc8 45. Kd2 Rc4 46. Kxd3 Rxa4
47. Bf6 b5 48. Ke4 Ke8 49. h5 d3+ 50. Kxd3 Ra3+ 51. Kd4 Rh3 52. Kc5 Rxh5+ 53.
Kb4 Rf5 54. Bc3 Rf4+ 55. Ka5 Ra4+ 56. Kb6 Kxe7 0-1

[Event "4NCL Division 1b"]
[Site "Reading, ENG"]
[Date "2016.11.19"]
[Round "1.57"]
[White "Flear, Glenn C"]
[Black "Bhatia, Kanwal K"]
[Result "1-0"]
[WhiteElo "2430"]
[BlackElo "2091"]
[PlyCount "53"]
[EventDate "2016.11.19"]
[WhiteTeam "Guildford 1"]
[BlackTeam "Barbican 4NCL 2"]

1. d4 Nf6 2. c4 c5 3. d5 b5 4. cxb5 a6 5. bxa6 g6 6. Nc3 Bg7 7. e4 O-O 8. a7
Rxa7 9. Nf3 Qa5 10. Bd2 Qb6 11. Be2 Ba6 12. O-O e6 13. Re1 exd5 14. e5 Ng4 15.
Nxd5 Qxb2 16. Bc3 Qa3 17. Qd2 Bb7 18. Nf6+ Nxf6 19. exf6 Bh8 20. Bc4 Bxf3 21.
Bxf7+ Rxf7 22. Re8+ Rf8 23. Rxf8+ Kxf8 24. Qd6+ Kg8 25. Qe7 Bxf6 26. Bxf6 d5
27. Qe8# 1-0

[Event "4NCL Division 1b"]
[Site "Reading, ENG"]
[Date "2016.11.19"]
[Round "1.58"]
[White "Lauterbach, Ingrid"]
[Black "Ciuksyte, Dagne"]
[Result "1/2-1/2"]
[WhiteElo "2104"]
[BlackElo "2318"]
[PlyCount "102"]
[EventDate "2016.11.19"]
[WhiteTeam "Barbican 4NCL 2"]
[BlackTeam "Guildford 1"]

1. e4 c5 2. Nf3 e6 3. c3 Nf6 4. e5 Nd5 5. d4 cxd4 6. cxd4 d6 7. Bc4 Be7 8. O-O
O-O 9. a3 Nc6 10. Re1 Bd7 11. Bd2 Rc8 12. Nc3 Nxc3 13. Bxc3 d5 14. Bd3 Na5 15.
Rc1 Nc4 16. a4 Qb6 17. Re2 Rc7 18. Ra1 Na5 19. Bc2 Rfc8 20. Qd3 g6 21. h4 Nb3
22. a5 Qb5 23. Rae1 Nxa5 24. Qd2 Kg7 25. Bd3 Nc4 26. Qf4 Qb3 27. h5 Nxb2 28.
hxg6 fxg6 29. Bxg6 hxg6 30. Bxb2 Bb5 31. Rd2 Rc2 32. Rxc2 Rxc2 33. Bc1 Qd3 34.
Ng5 Qf5 35. Qh4 Bb4 36. Nxe6+ Qxe6 37. Bh6+ Kg8 38. Re3 Be7 39. Qg3 Rc1+ 40.
Kh2 Bd7 41. Rb3 Rc7 42. Bg5 Bc8 43. Qh4 Qf7 44. Kg1 Qh7 45. Qf4 Qh5 46. e6 Bxe6
47. Qxc7 Qd1+ 48. Kh2 Qh5+ 49. Kg1 Qd1+ 50. Kh2 Qh5+ 51. Kg1 Qd1+ 1/2-1/2

[Event "4NCL Division 1b"]
[Site "Reading, ENG"]
[Date "2016.11.19"]
[Round "1.61"]
[White "Wells, Peter K"]
[Black "Speelman, Jon S"]
[Result "0-1"]
[WhiteElo "2429"]
[BlackElo "2526"]
[PlyCount "54"]
[EventDate "2016.11.19"]
[WhiteTeam "White Rose 1"]
[BlackTeam "Wood Green HK"]

1. d4 Nf6 2. Nf3 e6 3. c4 d5 4. g3 Be7 5. Bg2 O-O 6. O-O dxc4 7. Ne5 Nc6 8.
Bxc6 bxc6 9. Nxc6 Qe8 10. Nxe7+ Qxe7 11. Qa4 c5 12. Qxc4 cxd4 13. Qxd4 e5 14.
Qh4 Ba6 15. Nc3 Qe6 16. Rd1 h6 17. Be3 Rfc8 18. Ne4 Nxe4 19. Qxe4 Bxe2 20. Rd5
f6 21. Bxh6 Rc4 22. Rd4 Rxd4 23. Qxa8+ Kh7 24. Be3 Rd5 25. Qxa7 Bf3 26. Qa4 e4
27. Kf1 Qh3+ 0-1

[Event "4NCL Division 1b"]
[Site "Reading, ENG"]
[Date "2016.11.19"]
[Round "1.62"]
[White "McDonald, Neil"]
[Black "Adair, James R"]
[Result "0-1"]
[WhiteElo "2423"]
[BlackElo "2488"]
[PlyCount "102"]
[EventDate "2016.11.19"]
[WhiteTeam "Wood Green HK"]
[BlackTeam "White Rose 1"]

1. e4 e5 2. Nf3 Nc6 3. Bb5 Nf6 4. O-O Nxe4 5. d4 Nd6 6. Bxc6 dxc6 7. dxe5 Nf5
8. Qxd8+ Kxd8 9. Nc3 Bd7 10. b3 Kc8 11. Bb2 Be7 12. Rad1 a5 13. a4 Rd8 14. Ne4
c5 15. c4 h5 16. Nc3 Nh4 17. Nxh4 Bxh4 18. Nd5 Re8 19. f4 Bf5 20. Ne3 Be4 21.
f5 Bg5 22. Rde1 g6 23. e6 fxe6 24. f6 Rf8 25. f7 Bxe3+ 26. Rxe3 Bf5 27. h3 Kd7
28. Bf6 Rxf7 29. Bg5 Raf8 30. Rf2 b6 31. Kh2 Rh8 32. Kg3 Kc6 33. Kh4 Rhh7 34.
Bf4 Rd7 35. Be5 Rd1 36. Kg5 h4 37. Bf6 Rh5+ 38. Kf4 g5+ 39. Kf3 Rd7 40. Ke2 Rf7
41. Bc3 Rh6 42. Kd2 Rg6 43. Be5 g4 44. Kc3 Rf8 45. Kb2 Rd8 46. Ka3 Rd1 47. hxg4
Rxg4 48. Bf6 Rg1 49. Rfe2 R1xg2 50. Rxg2 Rxg2 51. Bxh4 Bb1 0-1

[Event "4NCL Division 1b"]
[Site "Reading, ENG"]
[Date "2016.11.19"]
[Round "1.63"]
[White "Palliser, Richard J D"]
[Black "Haria, Ravi"]
[Result "0-1"]
[WhiteElo "2421"]
[BlackElo "2383"]
[PlyCount "94"]
[EventDate "2016.11.19"]
[WhiteTeam "White Rose 1"]
[BlackTeam "Wood Green HK"]

1. d4 e6 2. c4 Bb4+ 3. Nc3 b6 4. e3 Bb7 5. Nge2 f5 6. d5 Nf6 7. a3 Bxc3+ 8.
Nxc3 O-O 9. b3 Qe7 10. Bb2 d6 11. Bd3 Nbd7 12. dxe6 Ne5 13. Be2 Qxe6 14. f3
Rad8 15. Qd4 Rfe8 16. Kf2 c5 17. Qd2 d5 18. cxd5 Bxd5 19. Nxd5 Rxd5 20. Qc1
Nd3+ 21. Bxd3 Rxd3 22. Bxf6 gxf6 23. Re1 Qxb3 24. Re2 Red8 25. Rb1 Qd5 26. Qb2
Kg7 27. Qb5 Rd2 28. Rb2 Rxe2+ 29. Rxe2 Qd3 30. Qc6 Qd7 31. Qxd7+ Rxd7 32. Kg3
b5 33. Kf4 Kg6 34. h4 h5 35. g4 fxg4 36. fxg4 hxg4 37. Kxg4 c4 38. h5+ Kg7 39.
e4 Rc7 40. Kf5 Rc5+ 41. Ke6 Rxh5 42. Kd6 Re5 43. Kc6 a6 44. Kb6 Re6+ 45. Kc5
Kg6 46. Rg2+ Kf7 47. Rg4 c3 0-1

[Event "4NCL Division 1b"]
[Site "Reading, ENG"]
[Date "2016.11.19"]
[Round "1.64"]
[White "Fitzsimons, David"]
[Black "McNab, Colin A"]
[Result "0-1"]
[WhiteElo "2372"]
[BlackElo "2433"]
[PlyCount "72"]
[EventDate "2016.11.19"]
[WhiteTeam "Wood Green HK"]
[BlackTeam "White Rose 1"]

1. e4 g6 2. d4 Bg7 3. c3 d6 4. Bd3 e5 5. Nf3 Nc6 6. O-O exd4 7. cxd4 Bg4 8. Bb5
a6 9. Bxc6+ bxc6 10. Be3 Ne7 11. Nc3 O-O 12. h3 Bxf3 13. Qxf3 Qd7 14. Qe2 f5
15. f3 a5 16. Rac1 fxe4 17. fxe4 Rxf1+ 18. Qxf1 Qe6 19. Qd3 a4 20. Bg5 Ra5 21.
Bxe7 Qxe7 22. Qc4+ d5 23. exd5 Qe3+ 24. Kh2 Qxc1 25. d6+ Kh8 26. d7 Qf4+ 27.
Kh1 Qf8 28. d5 cxd5 29. Qxc7 Ra8 30. Nxd5 Rd8 31. b4 Rxd7 32. Qxd7 Qf1+ 33. Kh2
Be5+ 34. g3 Qf2+ 35. Kh1 Qf3+ 36. Kg1 Bd4+ 0-1

[Event "4NCL Division 1b"]
[Site "Reading, ENG"]
[Date "2016.11.19"]
[Round "1.65"]
[White "Gantner, Matthias"]
[Black "Pein, Malcolm"]
[Result "1-0"]
[WhiteElo "2287"]
[BlackElo "2353"]
[PlyCount "73"]
[EventDate "2016.11.19"]
[WhiteTeam "White Rose 1"]
[BlackTeam "Wood Green HK"]

1. e4 e5 2. f4 exf4 3. Nf3 d5 4. exd5 Nf6 5. Bb5+ c6 6. dxc6 Nxc6 7. d4 Bd6 8.
O-O O-O 9. c3 Bg4 10. Nbd2 Nd5 11. Ne4 Re8 12. Bd3 Bc7 13. Bd2 h6 14. Qb3 Re7
15. Rae1 Rb8 16. Kh1 b5 17. Qc2 Ne3 18. Bxe3 fxe3 19. Ng3 Bxg3 20. hxg3 Qd6 21.
Be4 Rbe8 22. Rxe3 Qxg3 23. Bxc6 Rxe3 24. Bxe8 Rxe8 25. Ne5 Qh4+ 26. Kg1 Be6 27.
a4 f6 28. Qg6 Rf8 29. axb5 Bd5 30. Qf5 Qg3 31. Nf3 Qd6 32. Re1 Rb8 33. Nh4 Bf7
34. Qg4 h5 35. Qxg7+ Kxg7 36. Nf5+ Kg6 37. Nxd6 1-0

[Event "4NCL Division 1b"]
[Site "Reading, ENG"]
[Date "2016.11.19"]
[Round "1.66"]
[White "Clarke, Brandon G I"]
[Black "Maroroa, Sue"]
[Result "0-1"]
[WhiteElo "2288"]
[BlackElo "2297"]
[PlyCount "76"]
[EventDate "2016.11.19"]
[WhiteTeam "Wood Green HK"]
[BlackTeam "White Rose 1"]

1. e4 e5 2. Nf3 Nc6 3. Bb5 a6 4. Ba4 Nf6 5. O-O Be7 6. Re1 b5 7. Bb3 d6 8. c3
Nb8 9. d4 Nbd7 10. Bxf7+ Kxf7 11. Ng5+ Kg6 12. f4 exf4 13. Ne6 Qg8 14. Nxf4+
Kf7 15. e5 dxe5 16. dxe5 Nxe5 17. Rxe5 Bg4 18. Qb3+ Kf8 19. Be3 Qxb3 20. axb3
Rd8 21. Na3 Kf7 22. Bc5 Rhe8 23. Nc2 Bf8 24. Bd4 Bd6 25. Rxe8 Rxe8 26. Nd3 Bf5
27. Ncb4 Re2 28. Rxa6 Rd2 29. Be3 Rd1+ 30. Kf2 Bxd3 31. Nxd3 Rxd3 32. Ke2 Rd5
33. h3 Re5 34. Kf3 Nd7 35. Bd4 Rf5+ 36. Ke3 Nc5 37. Rc6 Nxb3 38. Bb6 Rf6 0-1

[Event "4NCL Division 1b"]
[Site "Reading, ENG"]
[Date "2016.11.19"]
[Round "1.67"]
[White "Brown, Martin"]
[Black "Weaving, Richard"]
[Result "0-1"]
[WhiteElo "2302"]
[BlackElo "2335"]
[PlyCount "68"]
[EventDate "2016.11.19"]
[WhiteTeam "White Rose 1"]
[BlackTeam "Wood Green HK"]

1. e4 c5 2. Nf3 e6 3. d4 cxd4 4. Nxd4 Nc6 5. Nc3 Qc7 6. Be3 a6 7. Be2 b5 8.
Nxc6 Qxc6 9. e5 Bb7 10. Bf3 Qc7 11. O-O Rc8 12. Bf4 Ne7 13. Bxb7 Qxb7 14. Qd3
Rc4 15. Bg3 Nf5 16. a4 Rd4 17. Qf3 Qxf3 18. gxf3 b4 19. Ne4 Be7 20. Rfd1 O-O
21. c3 bxc3 22. bxc3 Rd5 23. c4 Rxd1+ 24. Rxd1 Rd8 25. c5 h5 26. Rb1 Rc8 27.
Bf4 Rc6 28. Rb8+ Kh7 29. Rb7 Bxc5 30. Rxd7 Kg6 31. Rd3 Bb4 32. Nd6 Rc2 33. Be3
Nh4 34. Bd4 Rc1+ 0-1

[Event "4NCL Division 1b"]
[Site "Reading, ENG"]
[Date "2016.11.19"]
[Round "1.68"]
[White "Grigoryan, Meri"]
[Black "Townsend, M Paul"]
[Result "0-1"]
[WhiteElo "2012"]
[BlackElo "2231"]
[PlyCount "54"]
[EventDate "2016.11.19"]
[WhiteTeam "Wood Green HK"]
[BlackTeam "White Rose 1"]

1. d4 Nf6 2. Nf3 d6 3. c4 g6 4. Nc3 Bf5 5. Nh4 Bd7 6. e4 e5 7. Bg5 Bg7 8. Nf3
exd4 9. Nxd4 h6 10. Bh4 Nc6 11. Nxc6 bxc6 12. f3 Rb8 13. Qd2 Nxe4 14. Bxd8 Nxd2
15. Bxc7 Rxb2 16. Ba5 Nxf1 17. O-O-O Rxg2 18. Rhxf1 O-O 19. Rxd6 Bf5 20. Rd2
Rxd2 21. Kxd2 Rb8 22. Na4 Rb7 23. Rd1 Rd7+ 24. Kc1 Rxd1+ 25. Kxd1 Be6 26. c5
Bxa2 27. Kd2 Be5 0-1

[Event "4NCL Division 1b"]
[Site "Reading, ENG"]
[Date "2016.11.19"]
[Round "1.71"]
[White "Pardo Simon, David"]
[Black "Lewis, Andrew P"]
[Result "1/2-1/2"]
[WhiteElo "2478"]
[BlackElo "2301"]
[PlyCount "54"]
[EventDate "2016.11.19"]
[WhiteTeam "Grantham Sharks 1"]
[BlackTeam "Anglian Avengers 1"]

1. d4 Nf6 2. c4 g6 3. Nc3 Bg7 4. e4 d6 5. Be2 O-O 6. Be3 e5 7. Nf3 Nbd7 8. dxe5
dxe5 9. O-O c6 10. Qc2 Qe7 11. a3 Ng4 12. Bg5 f6 13. Bd2 Nc5 14. Rad1 Ne6 15.
h3 Nh6 16. Be3 f5 17. Bxh6 Bxh6 18. exf5 Nf4 19. fxg6 Bxh3 20. gxh3 Nxh3+ 21.
Kh1 Rxf3 22. Bxf3 Qh4 23. Qf5 Nf4+ 24. Kg1 Nh3+ 25. Kh1 Nf4+ 26. Kg1 Nh3+ 27.
Kh1 Nf4+ 1/2-1/2

[Event "4NCL Division 1b"]
[Site "Reading, ENG"]
[Date "2016.11.19"]
[Round "1.72"]
[White "Taylor, Adam C"]
[Black "Roberson, Peter T"]
[Result "1/2-1/2"]
[WhiteElo "2245"]
[BlackElo "2388"]
[PlyCount "73"]
[EventDate "2016.11.19"]
[WhiteTeam "Anglian Avengers 1"]
[BlackTeam "Grantham Sharks 1"]

1. Nf3 c5 2. g3 g6 3. Bg2 Bg7 4. c4 Nc6 5. Nc3 d6 6. O-O Bf5 7. d3 Qd7 8. Qd2
Bh3 9. b3 Nf6 10. Bb2 O-O 11. Nd5 Bxg2 12. Nxf6+ Bxf6 13. Kxg2 e5 14. e3 Bg7
15. Rad1 d5 16. cxd5 Qxd5 17. e4 Qd6 18. a3 Rfd8 19. Qc2 Rac8 20. Qb1 Qe6 21.
Bc3 b5 22. Bd2 Rd7 23. Rc1 Rcd8 24. Rxc5 Rxd3 25. Qc2 Qf6 26. Be3 Qxf3+ 27.
Kxf3 Nd4+ 28. Kg2 Nxc2 29. Rxc2 Rxb3 30. Rd1 Ra8 31. Rc7 Bf8 32. Rdd7 Rxa3 33.
Rxf7 b4 34. Rxh7 b3 35. Bc5 Bxc5 36. Rcg7+ Kf8 37. Rc7 1/2-1/2

[Event "4NCL Division 1b"]
[Site "Reading, ENG"]
[Date "2016.11.19"]
[Round "1.73"]
[White "Batchelor, Peter J"]
[Black "Mayhew, Andrew"]
[Result "1-0"]
[WhiteElo "2361"]
[BlackElo "2213"]
[PlyCount "77"]
[EventDate "2016.11.19"]
[WhiteTeam "Grantham Sharks 1"]
[BlackTeam "Anglian Avengers 1"]

1. Nf3 b6 2. d4 Bb7 3. c4 e6 4. Nc3 f5 5. g3 Nf6 6. Bg2 Bb4 7. Bd2 O-O 8. O-O
c5 9. d5 Bxc3 10. Bxc3 Ne4 11. Rc1 Nxc3 12. Rxc3 Qf6 13. e4 fxe4 14. Nd2 exd5
15. cxd5 d6 16. Nxe4 Qg6 17. f4 Ba6 18. Re1 h6 19. h4 Bc8 20. h5 Qg4 21. Bf3
Qd7 22. Rce3 Na6 23. Nf2 Qb5 24. b3 Qa5 25. Qa1 Bd7 26. Re7 Rf7 27. Rxf7 Kxf7
28. Ne4 Kf8 29. Nxd6 Qd2 30. Nc4 Qd4+ 31. Qxd4 cxd4 32. d6 Re8 33. Ne5 Be6 34.
Rd1 Rd8 35. Rxd4 Nc5 36. f5 Bc8 37. g4 a5 38. a3 Nxb3 39. Ng6+ 1-0

[Event "4NCL Division 1b"]
[Site "Reading, ENG"]
[Date "2016.11.19"]
[Round "1.74"]
[White "Player, Edmund C"]
[Black "Rendle, Thomas E"]
[Result "0-1"]
[WhiteElo "2207"]
[BlackElo "2360"]
[PlyCount "132"]
[EventDate "2016.11.19"]
[WhiteTeam "Anglian Avengers 1"]
[BlackTeam "Grantham Sharks 1"]

1. e4 e6 2. d4 d5 3. Nd2 a6 4. Ngf3 Nf6 5. e5 Nfd7 6. c3 c5 7. Bd3 Nc6 8. O-O
g5 9. Nb1 h6 10. h3 Qb6 11. Bc2 Be7 12. a3 a5 13. b3 Nf8 14. Be3 Bd7 15. Re1
Ng6 16. Nbd2 cxd4 17. cxd4 Rc8 18. Qb1 Rg8 19. Qb2 Na7 20. Nb1 Nb5 21. Bd3 h5
22. Rc1 Rxc1+ 23. Qxc1 g4 24. hxg4 hxg4 25. Ne1 g3 26. Nf3 Nh4 27. Nxh4 Bxh4
28. Qc5 Qxc5 29. dxc5 d4 30. Bxb5 dxe3 31. Bxd7+ Kxd7 32. fxe3 Bg5 33. Nc3
Bxe3+ 34. Kf1 Rg5 35. Rd1+ Ke7 36. b4 Rxe5 37. Nb5 axb4 38. axb4 Re4 39. Rb1
Bf4 40. Nc3 Rc4 41. Ne2 Bd2 42. b5 Rxc5 43. Nxg3 f5 44. Kf2 Ba5 45. Rb3 Kf7 46.
Rb1 Bb6 47. Kf1 Rc4 48. Rb2 e5 49. Rb3 Ke6 50. Nh5 Rc1+ 51. Ke2 Rc2+ 52. Kf3
e4+ 53. Kg3 Bc7+ 54. Kh3 Be5 55. g3 Rd2 56. Kh4 Rd8 57. Ra3 Rh8 58. Kg5 Rg8+
59. Kh4 b6 60. Ra6 e3 61. Ra2 Kd5 62. Kh3 Rg5 63. Nf4+ Bxf4 64. gxf4 Rg4 65.
Ra3 Ke4 66. Ra6 Kf3 0-1

[Event "4NCL Division 1b"]
[Site "Reading, ENG"]
[Date "2016.11.19"]
[Round "1.75"]
[White "Foisor, Mihaela-Veronica"]
[Black "Talsma, Paul"]
[Result "1/2-1/2"]
[WhiteElo "2249"]
[BlackElo "2207"]
[PlyCount "84"]
[EventDate "2016.11.19"]
[WhiteTeam "Grantham Sharks 1"]
[BlackTeam "Anglian Avengers 1"]

1. d4 Nf6 2. c4 c5 3. d5 b5 4. cxb5 a6 5. bxa6 g6 6. Nc3 Bxa6 7. e4 Bxf1 8.
Kxf1 d6 9. g3 Bg7 10. Kg2 O-O 11. Nf3 Nbd7 12. Re1 Ng4 13. Nd2 Nge5 14. Qe2 Nb6
15. f4 Ned7 16. a4 Bxc3 17. bxc3 Nxa4 18. Qd3 Qa5 19. Ra3 f6 20. c4 Rfb8 21.
Qc2 Rb4 22. h4 Ndb6 23. h5 Rxc4 24. Qd1 Rd4 25. hxg6 hxg6 26. Qg4 Rxd2+ 27.
Bxd2 Qxd2+ 28. Re2 Qd1 29. Qxg6+ Kf8 30. Rf2 c4 31. Raf3 Nc5 32. e5 Nxd5 33.
Qh6+ Kf7 34. f5 dxe5 35. Qh7+ Kf8 36. Qh8+ Kf7 37. Qxa8 e4 38. Ra3 c3 39. Qh8
Ne3+ 40. Kh2 Ng4+ 41. Kg2 Ne3+ 42. Kh2 Ng4+ 1/2-1/2

[Event "4NCL Division 1b"]
[Site "Reading, ENG"]
[Date "2016.11.19"]
[Round "1.76"]
[White "Oyama, Akito"]
[Black "Bremner, Adam"]
[Result "1/2-1/2"]
[WhiteElo "2207"]
[BlackElo "2207"]
[PlyCount "71"]
[EventDate "2016.11.19"]
[WhiteTeam "Anglian Avengers 1"]
[BlackTeam "Grantham Sharks 1"]

1. e4 e5 2. Nf3 Nc6 3. c3 Nf6 4. d4 exd4 5. e5 Ne4 6. cxd4 Bb4+ 7. Bd2 Nxd2 8.
Nbxd2 d6 9. Bb5 O-O 10. O-O Bg4 11. Qc2 Ne7 12. Bd3 Ng6 13. h3 Bxf3 14. Nxf3
dxe5 15. dxe5 Qe7 16. a3 Ba5 17. b4 Bb6 18. Rfe1 Kh8 19. Bxg6 fxg6 20. Qe4 c6
21. Rad1 Rad8 22. Qg4 a5 23. e6 Rxd1 24. Rxd1 axb4 25. axb4 Rd8 26. Rxd8+ Qxd8
27. Ng5 Qf6 28. Qg3 Ba7 29. Kh2 h6 30. Nf7+ Kh7 31. Qe5 Qxf2 32. e7 Qg1+ 33.
Kg3 Qf2+ 34. Kh2 Qg1+ 35. Kg3 Qf2+ 36. Kh2 1/2-1/2

[Event "4NCL Division 1b"]
[Site "Reading, ENG"]
[Date "2016.11.19"]
[Round "1.77"]
[White "Williams, Samuel G"]
[Black "Gallagher, Daniel GH"]
[Result "0-1"]
[WhiteElo "2241"]
[BlackElo "2192"]
[PlyCount "88"]
[EventDate "2016.11.19"]
[WhiteTeam "Grantham Sharks 1"]
[BlackTeam "Anglian Avengers 1"]

1. d4 Nf6 2. c4 g6 3. Nc3 Bg7 4. e4 d6 5. Nf3 O-O 6. Be2 e5 7. O-O Nc6 8. d5
Ne7 9. b4 Nh5 10. Re1 a5 11. bxa5 Rxa5 12. Nd2 Nf4 13. Bf1 c5 14. a4 Nh5 15.
Nb5 Ra6 16. Ra3 Nf6 17. Bb2 Ne8 18. Be2 f5 19. exf5 Nxf5 20. Ne4 Nf6 21. Nxf6+
Bxf6 22. Bg4 Nd4 23. Bxc8 Qxc8 24. f4 exf4 25. Nxd4 cxd4 26. Bxd4 Qxc4 27. Rd3
Qxa4 28. Qxa4 Rxa4 29. Bxf6 Rxf6 30. Rb1 Rf7 31. Kf2 g5 32. Rb6 Ra2+ 33. Kf3
g4+ 34. Kxg4 Rxg2+ 35. Kh3 Rg6 36. Rf3 Kg7 37. Rb4 Rgf6 38. Kg2 Rf5 39. Rb5 Kf6
40. Rfb3 Ke5 41. Kf3 Rh5 42. Rb2 Rg7 43. Re2+ Kf5 44. Re6 Rxh2 0-1

[Event "4NCL Division 1b"]
[Site "Reading, ENG"]
[Date "2016.11.19"]
[Round "1.78"]
[White "York-Andersen, Anna"]
[Black "Milson, Samuel A"]
[Result "0-1"]
[WhiteElo "1788"]
[BlackElo "2084"]
[PlyCount "124"]
[EventDate "2016.11.19"]
[WhiteTeam "Anglian Avengers 1"]
[BlackTeam "Grantham Sharks 1"]

1. e4 e5 2. Nf3 Nc6 3. d4 exd4 4. Nxd4 Qf6 5. Be3 Bc5 6. c3 Nge7 7. Bc4 Qg6 8.
O-O O-O 9. Nd2 Ne5 10. Be2 d5 11. Bh5 Qd6 12. a4 a6 13. Be2 f5 14. f4 N5c6 15.
e5 Qh6 16. Rf3 g6 17. Rh3 Qg7 18. N2f3 Nd8 19. Bf2 h6 20. Rg3 Bxd4 21. Nxd4 Ne6
22. Nxe6 Bxe6 23. Bd4 Kh7 24. h4 Rg8 25. Qe1 Qf7 26. Be3 Rg7 27. Kh2 h5 28. Rd1
Ng8 29. Rd4 Nh6 30. Rb4 b6 31. Qd2 a5 32. Rd4 Qe7 33. Rg5 Nf7 34. Rg3 Qxh4+ 35.
Rh3 Qe7 36. Bf2 Rh8 37. Bh4 Qd7 38. Bf6 c5 39. Rdd3 Qxa4 40. Bxg7 Kxg7 41. Bd1
Qd7 42. Qe1 b5 43. Rd2 b4 44. cxb4 axb4 45. Bb3 d4 46. Qd1 Rd8 47. Bxe6 Qxe6
48. Rg3 Nh6 49. Qxh5 Ng4+ 50. Rxg4 fxg4 51. Qg5 Rd7 52. Kg3 c4 53. Qxg4 Qxg4+
54. Kxg4 c3 55. bxc3 bxc3 56. Rd1 c2 57. Rc1 d3 58. e6 Rd5 59. e7 Kf7 60. Re1
Ke8 61. Kf3 d2 62. Ke2 dxe1=Q+ 0-1

[Event "4NCL Division 1b"]
[Site "Reading, ENG"]
[Date "2016.11.19"]
[Round "1.81"]
[White "Dunn, Andrew"]
[Black "Hansen, Hans-Peter"]
[Result "1/2-1/2"]
[WhiteElo "2245"]
[BlackElo "2264"]
[PlyCount "38"]
[EventDate "2016.11.19"]
[WhiteTeam "North East England"]
[BlackTeam "Oxford 1"]

1. d4 Nf6 2. Nf3 e6 3. c4 b6 4. g3 Ba6 5. b3 Bb7 6. Bg2 Bb4+ 7. Bd2 a5 8. O-O
O-O 9. Nc3 d6 10. a3 Bxc3 11. Bxc3 Nbd7 12. Qc2 Be4 13. Qb2 a4 14. b4 b5 15. c5
Nd5 16. Bd2 h6 17. Nh4 Bxg2 18. Nxg2 f5 19. Qc2 dxc5 1/2-1/2

[Event "4NCL Division 1b"]
[Site "Reading, ENG"]
[Date "2016.11.19"]
[Round "1.82"]
[White "Martins, David Pires Tavares"]
[Black "Moreby, James"]
[Result "1/2-1/2"]
[WhiteElo "2383"]
[BlackElo "2192"]
[PlyCount "52"]
[EventDate "2016.11.19"]
[WhiteTeam "Oxford 1"]
[BlackTeam "North East England"]

1. c4 c5 2. Nf3 Nc6 3. Nc3 g6 4. e3 Nf6 5. d4 cxd4 6. exd4 d5 7. cxd5 Nxd5 8.
Qb3 e6 9. Bb5 Bg7 10. O-O O-O 11. Nxd5 Qxd5 12. Qxd5 exd5 13. Bxc6 bxc6 14. Bf4
Re8 15. Rfe1 Bb7 16. Ne5 Re6 17. Re3 Rae8 18. Rae1 c5 19. Rb3 Ba6 20. Rc1 cxd4
21. Nf3 h6 22. h4 Bc4 23. Rb7 R6e7 24. Rxe7 Rxe7 25. b3 Ba6 26. Rc5 Bb7 1/2-1/2